| 000 | 00786nam a2200265Ia 4500 | ||
|---|---|---|---|
| 003 | OSt | ||
| 005 | 20220918224530.0 | ||
| 006 | a|||||r|||| 00| 0 | ||
| 007 | ta | ||
| 008 | 220917b |||||||| |||| 00| 0 eng d | ||
| 024 | _a229,824 | ||
| 037 | _cTextual | ||
| 040 |
_aARTS _cARTS _beng |
||
| 041 |
_2eng _aeng |
||
| 082 | _aW:17.1.N, P4;-1 | ||
| 100 |
_aPratyush Chandra Ed. _9148284 |
||
| 245 | 0 | _aPolitics of imperialism and counter strategies | |
| 260 |
_aDelhi _bAakar books _c2004 |
||
| 300 |
_a406p _ccm. |
||
| 650 | _aPOLITICAL SCIENCE | ||
| 700 |
_a Ghosh Anuradha Ed. _9148285 |
||
| 700 |
_a Ravi Kumar Ed. _9148286 |
||
| 942 |
_hW:17.1.N, P4;-1 _cTEXL _2CC |
||
| 999 |
_c281549 _d281549 |
||